Estudos jurd̕icos

Bibliographic Details
Main Author: Prado, Geraldo
Format: eBook
Language:Portuguese
Published: San Pablo: Editora ContraCorrente, 2018
Subjects:
Online Access:Acceso restringido

MARC

LEADER 00000nam a22000007a 4500
005 20191014232635.0
007 cr|||| ||||
008 191014s2018 br |||||s|||| 00||0 por d
020 |a 978-85-69220-45-9 
035 |a 30560 
040 |a vLex 
090 |c 9804  |d 9804 
100 1 |a Prado, Geraldo 
245 1 0 |a Estudos jurd̕icos  |h [Recurso electrn̤ico] /  |c Geraldo Prado 
256 |a Servicio en ln̕ea 
260 |a San Pablo:  |b Editora ContraCorrente,  |c 2018 
300 |a 1 recurso electrn̤ico 
500 |a A partir da anl̀ise de temas como a Operaȯ̂ Lava Jato, o d̤io irracional s̉ garantias do processo, os acordos de colaboraȯ̂ premiada e as aė̳s neutras e a incriminaȯ̂ da advocacia, o Prof. Geraldo Prado, com raras erudiȯ̂ e clareza, demonstra nesta obra como ̌possv̕el construir um Direito Processual Penal democrt̀ico, obsequioso ̉Constituiȯ̂ e aos direito fundamentais. 
506 1 |a Disponible solo en los productos indicados  |d vLex Global  |d vLex Global (Academic Edition, excluding Law Schools)  |d vLex Global (U.S. Academic Edition, Law Schools)  |d vLex Global (U.S. Academic Edition, excluding Law Schools)  |d vLex Global (Academic Edition, Law Schools) 
650 0 4 |a Procedimiento Penal  |z Brasil 
740 0 |a vLex Libros (Servicio en ln̕ea) 
856 4 0 |u http://vlex.com/source/estudos-juridicos-30560  |z Acceso restringido 
942 |c BOOK 
999 0 |a Penal procedure